| 000 | 00897nam a2200277 i 4500 | ||
|---|---|---|---|
| 001 | bg | ||
| 003 | KOSZ 005 | ||
| 005 | 20191116121804.0 | ||
| 008 | 071022s1968 pl a f f 000 0 pol | ||
| 015 | _aPB 1968/9397 | ||
| 040 |
_aWA N _cKOSZ 005/RW _dKOSZ 005/RW |
||
| 080 | _a697 | ||
| 080 | _a(083.1) | ||
| 100 | 1 |
_aPiotrowski, Jan _c(inżynier). _eAutor |
|
| 245 | 1 | 0 |
_aPoradnik mechanika i palacza centralnego ogrzewania / _cJan Piotrowski. |
| 250 | _aWyd. 3 uzup. i poszerz. | ||
| 260 |
_aWarszawa : _bArkady, _c1968. |
||
| 300 |
_a239, [1] s., [8] k. tabl. : _bil. ; _c25 cm. |
||
| 380 | _aKsiążki | ||
| 504 | _aBibliogr. s. [240]. | ||
| 655 | 4 | _aPoradnik | |
| 650 | 4 | _aOgrzewanie centralne | |
| 710 | 2 |
_aWydawnictwo "Arkady". _4pbl. |
|
| 856 |
_uhttp://koha.tu.koszalin.pl/cgi-bin/koha/opac-detail.pl?biblionumber=7977 _yKatalog online BPK |
||
| 942 |
_2UKD _cKS |
||
| 999 |
_c7977 _d7977 |
||